000 00409nam a2200121Ia 4500
008 231221s9999 xx 000 0 und d
041 _aEnglish
082 _aQPECPG08-1876
245 0 _aAdvances in VLSI Design [e resource : question paper] : MTech degree exam, May/Jun 2008 (05EC009)
260 _c2008/06
_bVTU
_aBangalore
650 _aAdvances,[e,:,paper],:,MTech,exam,,May/Jun,08,(05EC009)
942 _cDL
999 _c205749
_d205749